The other side (Record no. 52967)

MARC details
000 -LEADER
fixed length control field 00506nam a2200145 a 4500
008 - FIXED-LENGTH DATA ELEMENTS--GENERAL INFORMATION
fixed length control field 120416s0000 ||||||||||||||||| || u
020 ## - INTERNATIONAL STANDARD BOOK NUMBER
International Standard Book Number 014003594X
050 ## - LIBRARY OF CONGRESS CALL NUMBER
Classification number PR 9110.U8O8
100 ## - MAIN ENTRY--PERSONAL NAME
Personal name Kubin, Alfred
245 14 - TITLE STATEMENT
Title The other side
Statement of responsibility, etc. translated from the German by Denver Lindley
260 ## - PUBLICATION, DISTRIBUTION, ETC.
Place of publication, distribution, etc. Harmondsworth
Name of publisher, distributor, etc. Penguin
Date of publication, distribution, etc. 1967
300 ## - PHYSICAL DESCRIPTION
Extent 304p. : ill.
350 ## - PRICE (NR) (BK AM CF MU VM SE) [OBSOLETE]
Price 0.00
995 ## - RECOMMENDATION 995 [LOCAL, UNIMARC FRANCE]
-- 0.00
-- CBU-MAIN LIBRARY (Kitwe)
-- 1
-- 3.95
-- 1
-- AVAILABLE
-- Fiction Collection
Holdings
Withdrawn status Lost status Source of classification or shelving scheme Damaged status Not for loan Home library Current library Shelving location Date acquired Total Checkouts Full call number Barcode Date last seen Price effective from Koha item type
          CBU-MAIN LIBRARY, KITWE. CBU-MAIN LIBRARY, KITWE.   11/30/2022   PR 9110.U8O8 010535 11/30/2022 11/30/2022 MONOGRAPH